Role of credit for rural development in prah sdach district prey veng province, តួនាទីឥណទានក្នុងការអភិវឌ្ឍន៍ជនបទ នៅស្រុកព្រះស្ដេច ខេត្តព្រៃវែង (Record no. 6767)

000 -LEADER
fixed length control field 00649nam a22001577a 4500
003 - CONTROL NUMBER IDENTIFIER
control field OSt
005 - DATE AND TIME OF LATEST TRANSACTION
control field 20160215160910.0
008 - FIXED-LENGTH DATA ELEMENTS--GENERAL INFORMATION
fixed length control field 160215b xxu||||| |||| 00| 0 eng d
040 ## - CATALOGING SOURCE
Transcribing agency RUA
082 ## - DEWEY DECIMAL CLASSIFICATION NUMBER
Classification number MGR NUT 2010 B397 Or.1
100 ## - MAIN ENTRY--PERSONAL NAME
9 (RLIN) 7199
Personal name NUTH SALAN; នុត សាឡន
245 ## - TITLE STATEMENT
Title Role of credit for rural development in prah sdach district prey veng province, តួនាទីឥណទានក្នុងការអភិវឌ្ឍន៍ជនបទ នៅស្រុកព្រះស្ដេច ខេត្តព្រៃវែង
260 ## - PUBLICATION, DISTRIBUTION, ETC. (IMPRINT)
Place of publication, distribution, etc. Phnom Penh
Name of publisher, distributor, etc. RUA
Date of publication, distribution, etc. 2010
300 ## - PHYSICAL DESCRIPTION
Extent xiii ;69p.
Other physical details ill.
Dimensions 29cm.
942 ## - ADDED ENTRY ELEMENTS (KOHA)
Source of classification or shelving scheme
Koha item type MGR
Holdings
Price effective from Date last seen Permanent Location Not for loan Date acquired Source of classification or shelving scheme Koha item type Barcode Lost status Damaged status Shelving location Withdrawn status Current Location Full call number
2016-02-152016-02-15Library Block B 2016-02-15 MGRRUA050559  B397 Library Block BMGR NUT 2010 B397 Or.1
2016-02-152016-02-15Library Block B 2016-02-15 MGRRUA050041  B397 Library Block BMGR NUT 2010 B397 Or.2
2016-02-152016-02-15Library Block B 2016-02-15 MGRRUA048269  B397 Library Block BMGR NUT 2010 B397 Or.3
2016-02-152016-02-15Library Block B 2016-02-15 MGRRUA048967  B397 Library Block BMGR NUT 2010 B397 Or.4
2016-02-152016-02-15Library Block B 2016-02-15 MGRRUA049553  B397 Library Block BMGR NUT 2010 B397 Or.5
2016-02-152016-02-15Library Block B 2016-02-15 MGRRUA050321  B397 Library Block BMGR NUT 2010 B397 Or.6
2016-02-152016-02-15Library Block B 2016-02-15 MGRRUA050086  B397 Library Block BMGR NUT 2010 B397 Or.7
2016-08-082016-08-08Library Block B 2016-08-08 MGRRUA060898    Library Block BMGR NUT 2010 B397 Or.8
2016-08-192016-08-19Library Block B 2016-08-19 MGRRUA060355    Library Block BMGR NUT 2010 B397 Or.8
មជ្ឈមណ្ឌលឯការនៃសាកលវិទ្យាល័យភូមិន្ទកសិកម្មចំការដូង

Powered by Koha